[Event "London Chess League Open"]
[Site "London"]
[Date "2023.06.04"]
[Round "5.11"]
[White "Han, Qixiang"]
[Black "Isaacs, Ruairi"]
[Result "1-0"]
[WhiteElo "1497"]
[BlackElo "1451"]
[PlyCount "30"]
[EventDate "2023.06.02"]
[EventType "swiss"]
[EventRounds "5"]
[EventCountry "ENG"]
[SourceTitle "BritBase"]
[Source "John Saunders"]
[SourceDate "2023.12.27"]
[SourceVersion "1"]
[SourceVersionDate "2023.12.27"]
[SourceQuality "1"]

1. b3 d5 2. Bb2 Nf6 3. Nf3 Bf5 4. d3 c6 5. Nbd2 Nbd7 6. g3 e6 7. Bg2 Bd6 8. O-O
O-O 9. Re1 Re8 10. e4 dxe4 11. dxe4 Bg4 12. e5 Bxe5 13. Bxe5 Qa5 14. Nc4 Qc5
15. Bd4 Qe7 1-0

[Event "London Chess League Open"]
[Site "London"]
[Date "2023.06.04"]
[Round "5.12"]
[White "Napolitano, Domenico"]
[Black "Kothari, Jai"]
[Result "0-1"]
[WhiteElo "1414"]
[BlackElo "1767"]
[PlyCount "72"]
[EventDate "2023.06.02"]
[EventType "swiss"]
[EventRounds "5"]
[EventCountry "ENG"]
[SourceTitle "BritBase"]
[Source "John Saunders"]
[SourceDate "2023.12.27"]
[SourceVersion "1"]
[SourceVersionDate "2023.12.27"]
[SourceQuality "1"]

1. e4 e5 2. Nc3 Nf6 3. f4 d5 4. exd5 exf4 5. Bc4 Be7 6. d3 O-O 7. Bxf4 a6 8.
Nf3 b5 9. Bb3 b4 10. Ne4 Nxd5 11. Bxd5 Qxd5 12. Bxc7 f5 13. Nf2 Bf6 14. O-O
Bxb2 15. Rb1 Bc3 16. Kh1 Bb7 17. Nh3 Nc6 18. Nf4 Qxa2 19. Ng5 Rae8 20. Bd6 h6
21. Bxf8 hxg5 22. Ng6 Ne5 23. Nxe5 Rxe5 24. Bxb4 Qd5 25. Qf3 Qd7 26. Qf2 Bd4
27. Qd2 f4 28. c3 Be3 29. Qe2 g4 30. d4 Re8 31. Rbd1 g3 32. d5 Re5 33. c4 g6
34. Qd3 Qh7 35. h3 Rh5 36. Qxe3 Rxh3+ 0-1

[Event "London Chess League Open"]
[Site "London"]
[Date "2023.06.04"]
[Round "5.13"]
[White "Macphail, Kieran"]
[Black "Sedykh, Stakhey"]
[Result "0-1"]
[WhiteElo "1678"]
[BlackElo "1633"]
[PlyCount "100"]
[EventDate "2023.06.02"]
[EventType "swiss"]
[EventRounds "5"]
[EventCountry "ENG"]
[SourceTitle "BritBase"]
[Source "John Saunders"]
[SourceDate "2023.12.27"]
[SourceVersion "1"]
[SourceVersionDate "2023.12.27"]
[SourceQuality "1"]

1. e4 e5 2. Nf3 Nc6 3. Nc3 Nf6 4. d4 exd4 5. Nxd4 Bb4 6. Nxc6 bxc6 7. Bd3 d5 8.
exd5 cxd5 9. O-O O-O 10. h3 c6 11. Qf3 Re8 12. Bf4 Bd6 13. Rfe1 Be6 14. Ne2 Rb8
15. b3 Qc7 16. Bxd6 Qxd6 17. Qf4 Qc5 18. Ng3 Rb7 19. Nf5 Bxf5 20. Rxe8+ Nxe8
21. Re1 Be6 22. c4 Re7 23. cxd5 Bxd5 24. Bxh7+ Kf8 25. Rc1 Qd6 26. Qh4 Qh6 27.
Qxh6 gxh6 28. f3 Nd6 29. Bd3 Kg7 30. Kf2 Kf6 31. Rd1 Nb7 32. Rd2 Nc5 33. Bb1 a5
34. Rd4 Be6 35. Rf4+ Kg7 36. b4 axb4 37. Rxb4 Ra7 38. Rb6 Bd5 39. Ke3 Na4 40.
Rb4 Nc3 41. Rg4+ Kf8 42. Be4 Rxa2 43. Bxd5 Nxd5+ 44. Kd3 Ra3+ 45. Kc4 Ra4+ 46.
Kb3 Rxg4 47. hxg4 Nf4 48. g3 Ne2 49. Kc4 Ke7 50. Kc5 Kd7 0-1

[Event "London Chess League Open"]
[Site "London"]
[Date "2023.06.04"]
[Round "5.14"]
[White "Tawab, Ramin"]
[Black "Gunawardana, Thivan Manamperi"]
[Result "1-0"]
[WhiteElo "1649"]
[BlackElo "1334"]
[PlyCount "49"]
[EventDate "2023.06.02"]
[EventType "swiss"]
[EventRounds "5"]
[EventCountry "ENG"]
[SourceTitle "BritBase"]
[Source "John Saunders"]
[SourceDate "2023.12.27"]
[SourceVersion "1"]
[SourceVersionDate "2023.12.27"]
[SourceQuality "1"]

1. d4 d5 2. Nc3 Nf6 3. Bf4 c5 4. e3 e6 5. Nb5 Na6 6. c3 Be7 7. Be2 O-O 8. Nf3
c4 9. a4 Ne4 10. O-O Nd6 11. b3 cxb3 12. Qxb3 Nxb5 13. axb5 Nb8 14. Bxb8 Rxb8
15. Rxa7 Qb6 16. Ra2 f6 17. Bd3 Bd7 18. Re1 Ra8 19. e4 Rxa2 20. Qxa2 Bxb5 21.
Qb1 dxe4 22. Rxe4 Bxd3 23. Qxb6 Bxe4 24. Qxe6+ Rf7 25. Qxe4 1-0

[Event "London Chess League Open"]
[Site "London"]
[Date "2023.06.04"]
[Round "5.15"]
[White "Han, Qixuan"]
[Black "Prince, Alan R"]
[Result "1/2-1/2"]
[WhiteElo "1408"]
[BlackElo "1676"]
[PlyCount "78"]
[EventDate "2023.06.02"]
[EventType "swiss"]
[EventRounds "5"]
[EventCountry "ENG"]
[SourceTitle "BritBase"]
[Source "John Saunders"]
[SourceDate "2023.12.27"]
[SourceVersion "1"]
[SourceVersionDate "2023.12.27"]
[SourceQuality "1"]

1. b3 Nf6 2. Bb2 d5 3. Nf3 c5 4. e3 Nc6 5. Bb5 Bd7 6. c4 e6 7. O-O Bd6 8. d4
Qc7 9. cxd5 Nxd5 10. dxc5 Bxc5 11. Bxg7 Rg8 12. Bd4 Bd6 13. Qc2 O-O-O 14. Rc1
Kb8 15. Nbd2 Nxd4 16. Qxc7+ Nxc7 17. Nxd4 Nxb5 18. N4f3 Ba3 19. Rc2 Bc6 20. Kf1
Bb4 21. g3 Na3 22. Rxc6 bxc6 23. Ne4 f5 24. Neg5 Rd6 25. Nxh7 Rgd8 26. h4 Bc3
27. Rc1 Rd1+ 28. Rxd1 Rxd1+ 29. Kg2 Ra1 30. h5 Bg7 31. Nhg5 e5 32. Nf7 e4 33.
Nd4 c5 34. Nxf5 Bf8 35. h6 Bxh6 36. N5xh6 Nc2 37. Nd6 Ne1+ 38. Kh3 Nf3 39. Nxe4
Rxa2 1/2-1/2

[Event "London Chess League Open"]
[Site "London"]
[Date "2023.06.04"]
[Round "5.16"]
[White "Berkley, Stephen W"]
[Black "McNamara, JJ"]
[Result "0-1"]
[WhiteElo "1615"]
[BlackElo "1327"]
[PlyCount "41"]
[EventDate "2023.06.02"]
[EventType "swiss"]
[EventRounds "5"]
[EventCountry "ENG"]
[SourceTitle "BritBase"]
[Source "John Saunders"]
[SourceDate "2023.12.27"]
[SourceVersion "1"]
[SourceVersionDate "2023.12.27"]
[SourceQuality "1"]

1. d4 Nf6 2. c4 e6 3. Nc3 Bb4 4. Nf3 b6 5. Bg5 Bb7 6. Rg1 h6 7. Bxf6 Qxf6 8.
Qd3 d5 9. O-O-O Ba6 10. Nb5 Bxb5 11. cxb5 c5 12. bxc6 Nxc6 13. Qb5 Rc8 14. Kb1
Qf5+ 15. e4 dxe4 16. Ne5 a6 17. Qxb6 Qxf2 18. Qb7 O-O 19. Bxa6 Nxe5 20. Qxb4
Qc2+ 21. Ka1 0-1

[Event "London Chess League Open"]
[Site "London"]
[Date "2023.06.04"]
[Round "5.17"]
[White "Harandi, Kamran"]
[Black "Cuthbert, Larissa"]
[Result "1-0"]
[WhiteElo "1280"]
[BlackElo "1404"]
[PlyCount "89"]
[EventDate "2023.06.02"]
[EventType "swiss"]
[EventRounds "5"]
[EventCountry "ENG"]
[SourceTitle "BritBase"]
[Source "John Saunders"]
[SourceDate "2023.12.27"]
[SourceVersion "1"]
[SourceVersionDate "2023.12.27"]
[SourceQuality "1"]

1. d4 Nf6 2. c4 g6 3. Nc3 d5 4. Nf3 Bg7 5. Bf4 a6 6. e3 e6 7. cxd5 exd5 8. Be2
Nc6 9. O-O O-O 10. a3 b5 11. b4 Bf5 12. Bd3 Bxd3 13. Qxd3 Re8 14. Rac1 Qd7 15.
Rc2 Bf8 16. Rb2 Ne4 17. Rc1 a5 18. Qxb5 axb4 19. axb4 Nxc3 20. Qd3 Bxb4 21. h3
Na2 22. Rcc2 Ra3 23. Rb3 Rxb3 24. Qxb3 Nc3 25. Rxc3 Bxc3 26. Qxc3 Rc8 27. Ne5
Nxe5 28. Bxe5 Qf5 29. Qc6 Qe6 30. Qc5 Qb6 31. Qe7 Qe6 32. Qc5 h5 33. Qc2 c5 34.
Bg3 c4 35. Qc3 Qf5 36. f3 Qb1+ 37. Be1 Rb8 38. Kh2 Qb3 39. Qa5 Qxe3 40. Bg3 Rb1
41. Qd8+ Kh7 42. Be5 Qg1+ 43. Kg3 h4+ 44. Qxh4+ Kg8 45. Qh8# 1-0

[Event "London Chess League Open"]
[Site "London"]
[Date "2023.06.04"]
[Round "5.18"]
[White "Veeturi, Yashvardhan"]
[Black "Zhang, Junyi"]
[Result "0-1"]
[WhiteElo "1426"]
[BlackElo "1480"]
[PlyCount "79"]
[EventDate "2023.06.02"]
[EventType "swiss"]
[EventRounds "5"]
[EventCountry "ENG"]
[SourceTitle "BritBase"]
[Source "John Saunders"]
[SourceDate "2023.12.27"]
[SourceVersion "1"]
[SourceVersionDate "2023.12.27"]
[SourceQuality "1"]

1. e4 c5 2. Nc3 Nc6 3. g3 g6 4. Bg2 Bg7 5. d3 Nf6 6. Be3 d6 7. h3 O-O 8. Qd2 a6
9. Bh6 b5 10. Bxg7 Kxg7 11. e5 Bb7 12. exf6+ exf6 13. Nge2 Qd7 14. O-O Ne5 15.
Nd5 Qxh3 16. Nef4 Qh6 17. Qe2 Rae8 18. Ne3 Bc8 19. f3 Nc6 20. c3 Ne7 21. Qc2
Qg5 22. Kf2 d5 23. d4 cxd4 24. cxd4 Nf5 25. Nxf5+ Bxf5 26. Qb3 h5 27. Rh1 Rc8
28. Ne2 Rfe8 29. f4 Qh6 30. Bf3 Be4 31. Rac1 Bxf3 32. Qxf3 Rcd8 33. Rc7 Re4 34.
Rhc1 Rde8 35. R1c2 h4 36. g4 h3 37. Ng3 Qh4 38. R7c3 h2 39. Kg2 Re1 40. Nh1 0-1